Missing Monopoly States (US Edition) Quiz Stats

 Plays Quiz Updated May 3, 2019

Score 0/8 Timer 01:30
3 Plays Today
Question Answer Wrong Answers
Park Place & Boardwalk 0 States
79.1%
1 State
9.5%
2 States
5.9%
Mediterranean & Baltic 0 States
75.2%
1 State
12.8%
2 States
6.7%
Kentucky, Indiana, & Illinois 3 States
58.8%
0 States
4.8%
1 State
11.9%
2 States
19.2%
St. Charles, States, & Virginia 1 State
55.3%
0 States
10.1%
2 States
19.9%
3 States
9.2%
St. James, Tennessee, & New York 2 States
51.9%
0 States
4.9%
1 State
19%
3 States
18.2%
Pacific, North Carolina & Pennsyvania 2 States
50.9%
0 States
6.6%
1 State
22.1%
3 States
14.2%
Oriental, Vermont, & Connecticut 2 States
47.1%
0 States
9.1%
1 State
28.8%
3 States
9.3%
Atlantic, Ventnor, & Marvin Gardens 0 States
43.9%
1 State
27.8%
2 States
14.7%
3 States
7.7%

You're not logged in!

Compare scores with friends on all Sporcle quizzes.
OR
Log In

Sporcle TV

Today on Sporcle TV


Watch our educational content, quiz creation guides, and fun videos on Sporcle TV.

Show Comments

Extras

Top Quizzes Today


Score Distribution

Your Account Isn't Verified!

In order to create a playlist on Sporcle, you need to verify the email address you used during registration. Go to your Sporcle Settings to finish the process.

Report this User

Report this user for behavior that violates our Community Guidelines.

Details: